00802nam a2200205 i 4500001000700000003000900007005001700016008004100033080001200074100003700086245014000123250003100263260003000294300003400324650003100358700002700389852003700416999001900453952012400472160633ES-MaACL20230906212107.0010326s1885 fr a |||| | fre d a621.3521 aNiaudet Breguet, Alfred.914185410aTraité élémentaire de la pile électrique / par Alfred Niaudet ; suivie d'une notice sur les accumulateurs par E. Hóspitalier. a3ème éd. rev. et augm. aParis : bBaudry, c1885. aXV, 352 p. : bil. ; c25 cm.04aPilas eléctricas.9159991 aHospitalier, E.964290 aES-MaACLjB-1990 z. - Enc. hol. c160633d160633 001040708LIBXIXaATENEOMbATENEOMcSPBd2008-01-17eSSCl0oB-1990p1168194r2023-02-23 00:00:00w2023-02-23yMONANT